1747 1111 1549 1254 1650 1656 1675 1096 1696 1795 1404 1761 1738 1410 1691 1228 1473 1654 1780 1372 1536 1083 1772 1623 1174 1114 1181 1607 1302 1634 1546 1430 1202 1041 1992 1411 1442 1740 1674 1682 1780 1426 1672 1880 1049 1968 1376 1615 1481 1560 1069 1000 1465 1726 1102 1988 1203 1844 1446 1851 1237 1091 1215 1191 1362 1169 1722 1943 1911 1326 1075 1896 1727 1155 1462 1669 1825 1312 1466 1737 1254 1259 1076 1162 1870 1000 1802 1224 1635 1701 1386 1797 1129 1250 1612 1424 1894 1843 1885 BCNSPRNW ULIB Ver.6.0+V

เปลี่ยนเป็นภาษาไทย

Change to English
 แสดงรายละเอียดบรรณานุกรม
  กลับหน้าหลัก

Brief Record : Get Marc (ISO 2709) : E-mail record : QR code < ปิดหน้าต่าง
LEADER : 00000nam 2200000uu 4500
001    13399121854
003     ULIB
008    121212s2551||||th 000 0 tha d
020    ^a9789741149285
060 04 ^aWO245^bว691น
245 00 ^aแนวปฏิบัติสู่การลดอุบัติการณ์ทางวิสัญญี =^bStrategies tominimize anesthetic incidents /^cวิรัตน์ วศินวงศ์, ภัณฑิลา รุจิโรจน์จินดากุล, บรรณาธิการ
246 31 ^aStrategies to minimize anesthetic incidents
260    ^aสงขลา :^bภาควิชาวิสัญญีวิทยา คณะแพทยศาสตร์มหาวิทยาลัยสงขลานครินทร์,^c2551
300    ^a339 หน้า :^bภาพประกอบ ;^c21 ซม.
650  7 ^aยาระงับความรู้สึก
700 0  ^aวิรัตน์ วศินวงศ์,^eบรรณาธิการ
700 0  ^aภัณฑิลา รุจิโรจน์จินดากุล,^eบรรณาธิการ
710 2  ^aมหาวิทยาลัยสงขลานครินทร์. ^bคณะแพทยศาสตร์.^bภาควิชาวิสัญญีวิทยา
945    ^p400^l0^i15371
995    ^aทศพร
999    ^aทศพร เกษรทอง
รายการนี้ยังไม่มีแท็ก
คุณยังไม่ได้ล็อกอิน คุณสามารถมีกิจกรรมร่วมกับเว็บไซต์ได้ แต่ต้องล็อกอินก่อน ::
  ล็อกอิน

รายการสื่อสารสนเทศ

ลำดับที่ ประเภท เลขเรียก/บาร์โค้ด สถานที่ สถานะ
1. วิทยาศาสตร์การแพทย์ และสุขภาพ
วิทยาศาสตร์การแพทย์ และสุขภาพ
WO245 ว691น ฉ.1 
  Barcode: 15371
ห้องสมุดวิทยาเขตสวรรค์ประชารักษ์
►ส่วนจัดเก็บหนังสือเก่า สปร
บนชั้น
  ขอยืม

รายการใกล้เคียง
    หัวเรื่อง [ยาระงับความรู้สึก]

BibComment


ยังไม่เคยถูกคอมเมนท์

คอมเมนท์ทรัพยากรรายการนี้
  คอมเมนท์: แนวปฏิบัติสู่การ..


 Copyright 2026. Bcnsprnw @Library